| 000 | 00798nam a2200253Ia 4500 | ||
|---|---|---|---|
| 003 | GCL | ||
| 005 | 20240530102050.0 | ||
| 008 | 140319s9999 xx 000 0 ara d | ||
| 040 |
_aGCL / _cGCL |
||
| 082 | 0 | 4 |
_a320.01 _bد ت |
| 100 | 1 | _aروبرت،ادال | |
| 245 | 1 | 0 |
_aالتحليل السياسى الحديث / _cعلى الدين هلال |
| 250 | _aالاولى | ||
| 260 |
_aالقاهرة : _bمركز الاهرام للترجمة والنشر ، _c1993 |
||
| 300 |
_a204 ص ؛ _c25 سم |
||
| 650 | 0 | 4 | _aالسياسة |
| 650 | 0 | 4 | _aالديمقراطية |
| 650 | 0 | 4 | _aالاجتماع |
| 650 | 0 | 4 | _aالسلوك |
| 650 | 0 | 4 | _aالنظريات |
| 700 | 1 | _aعلاء ابو زيد ، مترجم | |
| 700 | 1 | _aعلي الدين هلال ،مراجع | |
| 942 |
_2ddc _cBK |
||
| 999 |
_c29548 _d29548 |
||